[Event "DDR-ch (Women)"]
[Site "Eilenburg"]
[Date "1984.??.??"]
[Round "6"]
[White "Heinig, Wolfram"]
[Black "Seidemann, Ulrike"]
[Result "1-0"]
[WhiteElo "2305"]
[BlackElo "1975"]

1.d4 Nf6 2.c4 e6 3.Nf3 b6 4.Nc3 c5 5.d5 exd5 6.cxd5 d6 7.e4 a6 8.a4 g6 9.h3 Bg7
10.Bd3 O-O 11.O-O Nbd7 12.Be3 Re8 13.Qd2 Rb8 14.Rae1 Qc7 15.b3 Bb7 16.Kh1 Re7
17.Bh6 Bh8 18.Bg5 Rbe8 19.Qc2 Bg7 20.Re2 h6 21.Bc1 Bc8 22.Nh4 Ne5 23.f4 Nxd3
24.Qxd3 Qb8 25.Rfe1 Nh7 26.Qg3 b5 27.axb5 axb5 28.Bb2 b4 29.Nd1 Qb7 30.Bxg7 Kxg7
31.Re3 Nf6 32.Nf2 Kh7 33.Qf3 Kg7 34.g4 Qa8 35.g5 hxg5 36.fxg5 Ng8 37.Ng4 Bxg4
38.Qxg4 Qd8 39.Nf3 Qd7 40.Qg3 Qb7 41.Qxd6 Qb5 42.Nd2 Rd7 43.Qf4 Qa6 44.Nc4 Rde7
45.e5 Qb7 46.Qf3  1-0

[Event "Grindavik"]
[Site "Grindavik"]
[Date "1984.??.??"]
[Round "5"]
[White "Gudmundsson, Elvar"]
[Black "McCambridge, Vincent"]
[Result "0-1"]
[WhiteElo "2330"]
[BlackElo "2465"]

1.d4 Nf6 2.c4 e6 3.Nf3 b6 4.Nc3 Bb4 5.e3 Bb7 6.Bd3 Ne4 7.O-O f5 8.d5 Bxc3
9.bxc3 Na6 10.Nd4 Nec5 11.Ba3 Nxd3 12.Qxd3 c5 13.Nb5 O-O 14.f3 Nc7 15.Nd6 Ba6
16.e4 exd5 17.exd5 Qf6 18.Nb5 Bxb5 19.cxb5 Rfe8 20.Bb2 Qe5 21.d6 Qd5 22.Rad1 Qxd3
23.Rxd3 Ne6 24.c4 a6 25.bxa6 Rxa6 26.Rb3 Nd8 27.a3 Nb7 28.Rd1 Re6 29.Rbd3 Ra4
30.Rb3 Rxd6 31.Rbd3 Rxd3 32.Rxd3 d6 33.Rb3 Ra6 34.Re3 Kf7 35.f4 Na5 36.Rc3 Ra8
37.h4 h5 38.Bc1 Re8 39.Kf2 Re4 40.Rd3  0-1

[Event "Hamburg op"]
[Site "Hamburg"]
[Date "1984.??.??"]
[Round "1"]
[White "Portisch, Ferenc"]
[Black "Bednarski, Jacek B"]
[Result "1-0"]
[WhiteElo "2445"]
[BlackElo "2325"]

1.d4 e6 2.Nf3 Nf6 3.c4 b6 4.Nc3 Bb4 5.e3 Ne4 6.Qc2 Bb7 7.Be2 d6 8.O-O Bxc3
9.bxc3 Nd7 10.a4 O-O 11.Ne1 f5 12.f3 Nef6 13.Nd3 Qe7 14.a5 c5 15.Nf2 e5 16.Re1 g6
17.Bd2 Rac8 18.axb6 axb6 19.Ra7 Rc7 20.d5 Ne8 21.Rea1 Ng7 22.Qb1 Rb8 23.Bd1 Qd8
24.Ba4 Ra8 25.Rxa8 Bxa8 26.Bxd7 Rxd7 27.Qb5 Rb7 28.e4 f4 29.Ng4 h5 30.Nf6+ Kf7
31.Nh7 Ne8 32.h4 Nc7 33.Ng5+ Ke7 34.Qb1 Qe8 35.Qe1 b5 36.g3 fxg3 37.f4 bxc4
38.Qxg3 exf4 39.Bxf4 Nb5 40.Rf1 Kd7 41.Qh3+ Kc7 42.Ne6+ Kb6 43.Rb1 Ka7 44.Ra1+ Kb6
45.Qf1 Ra7 46.Rb1 Qd7 47.Qxc4 Ra5 48.Qb3 g5 49.Bxg5 Ka7 50.c4 Qh7 51.cxb5 Qxe4
52.b6+ Kb7 53.Qb2 Qg4+ 54.Kh2  1-0

[Event "Hamburg op"]
[Site "Hamburg"]
[Date "1984.??.??"]
[Round "5"]
[White "Ghinda, Mihail Viorel"]
[Black "Gheorghiu, Florin"]
[Result "1/2-1/2"]
[WhiteElo "2465"]
[BlackElo "2505"]

1.Nf3 Nf6 2.c4 b6 3.d4 e6 4.Nc3 Bb7 5.a3 d5 6.cxd5 Nxd5 7.Qc2 g6 8.e4 Nxc3
9.bxc3 Bg7 10.Bd3 O-O 11.O-O c5 12.Be3 cxd4  1/2-1/2

[Event "HUN-ch"]
[Site "HUN"]
[Date "1984.??.??"]
[Round "7"]
[White "Pinter, Jozsef"]
[Black "Horvath, Tamas"]
[Result "1/2-1/2"]
[WhiteElo "2515"]
[BlackElo "2440"]

1.d4 Nf6 2.c4 e6 3.Nf3 b6 4.Nc3 Bb7 5.g3 Bb4 6.Bg2 O-O 7.O-O Bxc3 8.bxc3 Nc6
9.Nd2 Na5 10.Bxb7 Nxb7 11.e4 Ne8 12.Qe2 c5 13.d5 f6 14.f4 Ned6 15.Bb2 e5
16.Rf3 Qe7 17.Raf1 Na5 18.h4  1/2-1/2

[Event "JUG-ch"]
[Site "?"]
[Date "1984.??.??"]
[Round "1"]
[White "Rajkovic, Dusan"]
[Black "Marjanovic, Slavoljub"]
[Result "1/2-1/2"]
[WhiteElo "2440"]
[BlackElo "2525"]

1.d4 Nf6 2.c4 e6 3.Nf3 b6 4.Nc3 Bb7 5.a3 d5 6.cxd5 Nxd5 7.Qa4+ Nd7 8.Nxd5 Bxd5
9.Bf4 Bd6 10.Bxd6 cxd6 11.e3 a6 12.Bd3 f5 13.Qd1 Ra7 14.O-O O-O 15.Qe2 Qa8
16.Rfc1 b5 17.a4 e5 18.dxe5 dxe5 19.Bc2 b4 20.a5 e4 21.Nd4 Ne5 22.Qd2 Qd8  1/2-1/2

[Event "Kragujevac"]
[Site "Kragujevac"]
[Date "1984.??.??"]
[Round "12"]
[White "Milicevic, Miodrag"]
[Black "Padevsky, Nikola"]
[Result "0-1"]
[WhiteElo "2310"]
[BlackElo "2445"]

1.d4 Nf6 2.c4 e6 3.Nf3 b6 4.Nc3 Bb4 5.e3 Bb7 6.Bd3 O-O 7.O-O d5 8.a3 Bxc3
9.bxc3 dxc4 10.Bxc4 Nbd7 11.a4 c5 12.a5 Qc7 13.Bd3 e5 14.Bb1 Rfe8 15.Bb2 bxa5
16.c4 cxd4 17.exd4 exd4 18.Nxd4 Bxg2 19.Kxg2 Qb7+ 20.Qf3 Qxb2 21.Nf5 Qxa1
22.Nh6+ Kf8 23.Be4 Qd4  0-1

[Event "URS-World"]
[Site "London"]
[Date "1984.??.??"]
[Round "1.3"]
[White "Polugaevsky, Lev"]
[Black "Kortschnoj, Viktor"]
[Result "1/2-1/2"]
[WhiteElo "2615"]
[BlackElo "2635"]

1.d4 Nf6 2.c4 e6 3.Nf3 b6 4.Nc3 Bb7 5.a3 d5 6.cxd5 Nxd5 7.e3 g6 8.h4 Bg7
9.h5 c5 10.Bb5+ Bc6 11.Bd3 Nd7 12.e4 Nxc3 13.bxc3 Qc7 14.Bg5 h6 15.Bh4 cxd4
16.cxd4 g5 17.Bg3 Qb7 18.Qe2 Nc5 19.dxc5 Bc3+ 20.Nd2 Bxa1 21.O-O Bd4 22.Ba6 Qd7
23.cxb6 axb6 24.Nf3 Rxa6 25.Nxd4 Qxd4 26.Qxa6 O-O 27.Re1 Ra8  1/2-1/2

[Event "URS-World"]
[Site "London"]
[Date "1984.??.??"]
[Round "3.3"]
[White "Polugaevsky, Lev"]
[Black "Kortschnoj, Viktor"]
[Result "1/2-1/2"]
[WhiteElo "2615"]
[BlackElo "2635"]

1.d4 Nf6 2.c4 e6 3.Nf3 b6 4.Nc3 Bb7 5.Bg5 h6 6.Bh4 Be7 7.Qc2 d5 8.cxd5 Nxd5
9.Nxd5 exd5 10.Bxe7 Qxe7 11.g3 O-O 12.Bg2 c5 13.O-O Na6 14.e3  1/2-1/2

[Event "Moscow-ch"]
[Site "Moscow"]
[Date "1984.??.??"]
[Round "?"]
[White "Rashkovsky, Nukhim N"]
[Black "Naumkin, Igor"]
[Result "1/2-1/2"]
[WhiteElo "2470"]
[BlackElo "2325"]

1.d4 Nf6 2.c4 e6 3.Nf3 b6 4.Nc3 Bb7 5.Bg5 h6 6.Bh4 g5 7.Bg3 Nh5 8.e3 Nxg3
9.hxg3 Bg7 10.g4 h5 11.Qc2 hxg4 12.Rxh8+ Bxh8 13.Qh7 Qf6 14.Nxg5 Qxg5 15.Qxh8+ Ke7
16.Qh2 d6 17.Qg3 Nd7 18.f4 Qh5 19.e4 f5 20.exf5 Qxf5 21.Bd3 Qf6 22.Qe3  1/2-1/2

[Event "Moscow-ch"]
[Site "Moscow"]
[Date "1984.??.??"]
[Round "?"]
[White "Kremenietsky, Anatoly M"]
[Black "Vyzmanavin, Alexey"]
[Result "0-1"]
[WhiteElo "2410"]
[BlackElo "2470"]

1.d4 Nf6 2.c4 e6 3.Nf3 b6 4.Nc3 Bb4 5.e3 Bb7 6.Bd3 O-O 7.O-O Bxc3 8.bxc3 Be4
9.c5 d6 10.cxd6 cxd6 11.Be2 Nc6 12.Nd2 Bg6 13.Nb3 Ne4 14.Bb2 d5 15.c4 Nd6
16.cxd5 exd5 17.Rc1 Qd7 18.Ba3 Rfd8 19.Ba6 Nb8 20.Be2 Nc6 21.Re1 Bf5 22.Ba6 Nb8
23.Bf1 Nc6 24.Qf3 Be6 25.Bxd6 Qxd6 26.Qg3 Qb4 27.Bd3 Qa4 28.Bb1 Nb4 29.Re2 Rac8
30.Rce1 a5 31.h4 Rc3 32.h5 h6 33.Qh4 Qd7 34.e4 Rdc8 35.Nd2 Nc2 36.Rd1 Nxd4
37.Ree1 Nc2 38.exd5 Nxe1 39.dxe6 fxe6 40.Qe4 Nc2 41.Qg4 Rd3 42.Kh2 Kh8 43.Qe2 Qd6+
44.g3 Qd5 45.a4 Rd8 46.Nf3 Qxh5+  0-1

[Event "Moscow-ch"]
[Site "Moscow"]
[Date "1984.??.??"]
[Round "?"]
[White "Gulko, Boris F"]
[Black "Naumkin, Igor"]
[Result "1-0"]
[WhiteElo "2470"]
[BlackElo "2325"]

1.d4 Nf6 2.c4 e6 3.Nf3 b6 4.Nc3 Bb7 5.a3 d5 6.cxd5 exd5 7.Bg5 Be7 8.Qa4+ c6
9.e3 O-O 10.Bd3 c5 11.O-O c4 12.Bf5 g6 13.Bh3 a6 14.Ne5 b5 15.Qc2 Ne4 16.Bh6 Re8
17.f4 Bf8 18.Bxf8 Rxf8 19.Nxe4 dxe4 20.f5 f6 21.fxg6 fxe5 22.Rxf8+ Qxf8 23.Rf1 Qe8
24.gxh7+ Kxh7 25.Qf2 Qe7 26.Qg3 Kh6 27.dxe5  1-0

[Event "Naleczow"]
[Site "Naleczow"]
[Date "1984.??.??"]
[Round "?"]
[White "Ksieski, Zbigniew"]
[Black "Sokolov, Andrei"]
[Result "1/2-1/2"]
[WhiteElo "2400"]
[BlackElo "2505"]

1.d4 Nf6 2.Nf3 e6 3.c4 b6 4.Nc3 Bb7 5.a3 d5 6.cxd5 Nxd5 7.Bd2 Nd7 8.Qa4 a6
9.Rd1 Be7 10.e3 O-O 11.Bd3 c5 12.Qc2 h6 13.O-O cxd4 14.Nxd5 Bxd5 15.Nxd4 Rc8
16.Bc3  1/2-1/2

[Event "New York op"]
[Site "New York"]
[Date "1984.??.??"]
[Round "4"]
[White "Reshevsky, Samuel Herman"]
[Black "Olafsson, Helgi"]
[Result "1/2-1/2"]
[WhiteElo "2460"]
[BlackElo "2445"]

1.d4 Nf6 2.Nf3 e6 3.c4 b6 4.Nc3 Bb7 5.a3 d5 6.cxd5 Nxd5 7.e3 g6 8.Bb5+ c6
9.Bd3 Bg7 10.O-O O-O 11.Na4 Nc7 12.Qe2 Nd7 13.Rd1 Qe8 14.Bd2 e5 15.dxe5 c5
16.e4 Nxe5 17.Nxe5 Qxe5 18.Bc3 Qe7 19.Bxg7 Kxg7 20.Nc3 Rad8 21.Qe3 Rd7 22.Bc2 Rfd8
23.Rxd7 Rxd7 24.Rd1 Rxd1+ 25.Bxd1 Ne6 26.Bb3 Nd4  1/2-1/2

[Event "New York op"]
[Site "New York"]
[Date "1984.??.??"]
[Round "6"]
[White "Schroer, Jonathan"]
[Black "Frumkin, Edward"]
[Result "1-0"]
[WhiteElo "2315"]
[BlackElo "2215"]

1.d4 Nf6 2.c4 e6 3.Nf3 b6 4.Nc3 Bb4 5.Qb3 a5 6.Bg5 h6 7.Bxf6 Qxf6 8.e4 Bb7
9.Bd3 d6 10.O-O Bxc3 11.Qxc3 Nd7 12.Bc2 O-O 13.Rfe1 e5 14.Rad1 Bc6 15.Re2 Rfe8
16.d5 Bb7 17.Ba4 Red8 18.Bxd7 Rxd7 19.b3 Rdd8 20.Nd2 Bc8 21.a3 Bg4 22.f3 Bd7
23.Rf1 g5 24.Rff2 h5 25.Nf1 Kg7 26.g4 h4 27.h3 Kg8 28.Ne3 Qh6 29.Ra2 Qf8
30.Rfb2 Rdb8 31.Qc1 Qd8 32.Kf2 f6 33.b4 Kf7 34.c5 bxc5 35.bxc5 Rb5 36.Rxb5 Bxb5
37.Rb2 Rb8 38.Qb1 Bd3 39.Rxb8  1-0

[Event "Oslo"]
[Site "Oslo"]
[Date "1984.??.??"]
[Round "?"]
[White "Agdestein, Simen"]
[Black "Makarichev, Sergey"]
[Result "1/2-1/2"]
[WhiteElo "2435"]
[BlackElo "2495"]

1.d4 Nf6 2.c4 e6 3.Nf3 b6 4.Nc3 Bb7 5.Bf4 Be7 6.h3 Ne4 7.Nxe4 Bxe4 8.Nd2 Bb7
9.e4 Bg5 10.Qg4 Bxf4 11.Qxf4 O-O 12.Bd3 Nc6 13.Nf3 d6 14.Qe3 e5 15.O-O-O exd4
16.Nxd4 Nxd4 17.Qxd4 Qg5+ 18.Kb1 Rfe8 19.f3 a5 20.h4 Qf4 21.Rde1 f5 22.c5 fxe4
23.cxb6 cxb6 24.Bxe4 Kh8 25.Qxb6 Bxe4+ 26.fxe4 Rxe4 27.Qc6 Rxe1+ 28.Rxe1 Rf8
29.Rd1 Qxh4 30.Qxd6 Qe4+ 31.Ka1 Re8 32.g3 h6 33.a3 a4 34.Qd4 Qc2 35.Qd3 Qb3
36.Kb1  1/2-1/2

[Event "NOR-ch"]
[Site "Oslo"]
[Date "1984.??.??"]
[Round "3"]
[White "Ostenstad, Berge"]
[Black "Kristiansen, Erling"]
[Result "1-0"]
[WhiteElo "2310"]
[BlackElo "2320"]

1.d4 Nf6 2.c4 e6 3.Nf3 b6 4.Nc3 Bb7 5.a3 d5 6.cxd5 Nxd5 7.e3 Be7 8.Bb5+ c6
9.Bd3 O-O 10.e4 Nxc3 11.bxc3 c5 12.Be3 cxd4 13.cxd4 Nd7 14.O-O Nf6 15.Qb1 h6
16.Bd2 Rc8 17.Re1 Rc7 18.a4 Qa8 19.a5 bxa5 20.Bxa5 Rcc8 21.Bb6 a6 22.Nd2 Rc3
23.Ba5 Rc6 24.Qb3 Rcc8 25.f3 Bd8 26.Bc3 Rb8 27.Qa3 Qa7 28.Kh1 Bb6 29.d5 exd5
30.Bxf6 gxf6 31.exd5 Bd4 32.Qd6 Bxa1 33.Qg3+ Kh8 34.Qf4 Kg7 35.Qg4+ Kh8 36.Qf5  1-0

[Event "Pernik"]
[Site "Pernik"]
[Date "1984.??.??"]
[Round "12"]
[White "Velikov, Petar"]
[Black "Karolyi, Tibor Jr"]
[Result "1/2-1/2"]
[WhiteElo "2465"]
[BlackElo "2410"]

1.d4 Nf6 2.Nf3 e6 3.c4 b6 4.Nc3 Bb7 5.e3 Bb4 6.Bd2 O-O 7.Rc1 Be7 8.Bd3 c5
9.O-O d5 10.dxc5 bxc5 11.cxd5 exd5 12.Na4  1/2-1/2

[Event "Rome-B"]
[Site "Rome"]
[Date "1984.??.??"]
[Round "5"]
[White "Andruet, Gilles"]
[Black "Rigo, Janos"]
[Result "0-1"]
[WhiteElo "2420"]
[BlackElo "2370"]

1.d4 Nf6 2.c4 e6 3.Nf3 b6 4.Nc3 Bb4 5.Qc2 Bb7 6.a3 Bxc3+ 7.Qxc3 Ne4 8.Qc2 d6
9.b4 a5 10.Bb2 axb4 11.axb4 Rxa1+ 12.Bxa1 Nd7 13.e3 O-O 14.Be2 Ng5 15.Qd1 Nxf3+
16.Bxf3 Bxf3 17.Qxf3 Qa8 18.O-O Qxf3 19.gxf3 Ra8 20.Bc3 Ra3 21.Rc1 f6 22.Rc2 Kf7
23.Kf1 c6 24.Ke2 Ke7 25.Kd2 b5 26.c5 Nf8 27.Rc1 Ra2+ 28.Rc2 Ra4 29.Rc1 dxc5
30.dxc5 e5 31.Ra1 Rxa1 32.Bxa1 Ke6 33.e4 Ng6 34.Bc3 Nh4 35.Ke2 g5 36.Bd2 Kf7
37.Be1 Kg6 38.h3 Kh5 39.Bd2 Ng6 40.Kf1 Nf8 41.Kg2 Ne6 42.Kg3 Nd4 43.Be3 Ne2+
44.Kg2 Kh4 45.Bd2 Nd4 46.Be3 h5 47.Bd2 Nxf3 48.Kxf3 Kxh3 49.Be1 g4+ 50.Ke3 Kg2
51.f4 g3 52.fxe5 fxe5 53.Bc3 h4  0-1

[Event "BUL-ch"]
[Site "Sofia"]
[Date "1984.??.??"]
[Round "?"]
[White "Spassov, Liuben"]
[Black "Antonov, Vladimir"]
[Result "1/2-1/2"]
[WhiteElo "2460"]
[BlackElo "2365"]

1.d4 Nf6 2.c4 e6 3.Nf3 b6 4.Nc3 Bb7 5.a3 d5 6.cxd5 exd5 7.Bf4 Bd6 8.Bg3 O-O
9.e3 a6 10.Be2 c5 11.O-O Bxg3 12.hxg3 Nbd7 13.dxc5 bxc5 14.b4 Rc8 15.bxc5 Nxc5
16.Qb1 Ba8 17.Nd4 Rb8 18.Qc2 Rc8 19.Rfc1 Qd7 20.Qd1 g6 21.Rab1 Qd6 22.Na2 Nfe4
23.Rb2 Rb8 24.Rxb8 Rxb8 25.Rb1 Nxf2 26.Rxb8+ Qxb8 27.Kxf2  1/2-1/2

[Event "BUL-ch"]
[Site "Sofia"]
[Date "1984.??.??"]
[Round "?"]
[White "Lukov, Valentin"]
[Black "Danailov, Silvio"]
[Result "1/2-1/2"]
[WhiteElo "2430"]
[BlackElo "2420"]

1.d4 Nf6 2.c4 e6 3.Nf3 b6 4.Nc3 Bb7 5.a3 g6 6.Qc2 d5 7.cxd5 exd5 8.Bf4 a6
9.g3 Nbd7 10.Bg2 Bg7 11.O-O O-O 12.Rfd1 Re8 13.Ne5 Nf8 14.Nd3 Ne6 15.Be5 Ne4
16.Bxg7 Nxg7 17.e3 Qd6 18.Rac1 Re7 19.Nxe4 dxe4 20.Nb4 f5 21.Nc6 Bxc6 22.Qxc6 Qxc6
23.Rxc6 Ne8 24.Rdc1 Ra7 25.Bf1 a5 26.Bc4+ Kf8 27.h3 Nd6 28.Kg2 h5 29.g4 h4
30.gxf5 gxf5 31.Kh2 Rg7 32.Bb3 Ke8 33.Be6 Ke7 34.Bb3 Kf6 35.Bd1 Ke6 36.R6c2 Kf6
37.Be2 Ke6 38.Bh5 Kf6 39.Rg1 Rxg1 40.Kxg1 Ke6 41.f4 Kf6 42.Kf2 Ke6 43.Be2 a4
44.Bc4+ Nxc4 45.Rxc4 Kd5 46.Rb4 Ra5  1/2-1/2

[Event "Tatran Cup"]
[Site "Stary Smokovec"]
[Date "1984.??.??"]
[Round "5"]
[White "Utasi, Tamas"]
[Black "Vilela, Jose Luis"]
[Result "1-0"]
[WhiteElo "2505"]
[BlackElo "2410"]

1.d4 Nf6 2.c4 e6 3.Nf3 b6 4.Nc3 Bb7 5.a3 d5 6.cxd5 Nxd5 7.e4 Nxc3 8.bxc3 Bxe4
9.Ne5 a6 10.Qg4 Bg6 11.Be2 Bd6 12.Bf3 c6 13.O-O O-O 14.Bf4 Ra7 15.Qg3 Bf5
16.c4 f6 17.Nxc6 Bxf4 18.Qxf4 Nxc6 19.Bxc6 Bd3 20.Rfc1 Qc7 21.Qf3 Bg6 22.d5 e5
23.Qb3 Rb8 24.Ra2 Bf7 25.Rb2 h6 26.Qe3 Qd8 27.Rc3 Re7 28.Rcb3 b5 29.a4 Rc8
30.axb5 axb5 31.Bxb5 Qd6 32.Qh3 Rec7 33.Rb1 Bg6 34.Ra1 Kh7 35.Qe3 Rxc4 36.Bxc4 Rxc4
37.Rb5 Rd4 38.Qb3 Rd3 39.Qc4 Rd4 40.Qc5 Qxc5 41.Rxc5 Be4 42.f3 Bxd5 43.Ra7 Rd1+
44.Kf2 Rd2+ 45.Kf1 Kg6 46.Rcc7 Kf5 47.Rxg7 e4 48.fxe4+ Bxe4 49.Ra1 Kf4 50.Re1 f5
51.h4 Bd3+ 52.Kg1 Be2 53.Rg6 h5 54.Rg5 Bg4 55.Kh2 Rd4 56.Rg7 Rb4 57.Ra7 Re4
58.Re7 Rxe7 59.Rxe7 Bd1 60.Re1 Bc2 61.Rf1+ Ke5 62.g3 Bd3 63.Ra1 Bc2 64.Kg2 f4
65.Ra5+ Ke4 66.Rxh5  1-0

[Event "URS-ch sf"]
[Site "Sverdlovsk"]
[Date "1984.??.??"]
[Round "?"]
[White "Osnos, Viatcheslav"]
[Black "Kengis, Edvins"]
[Result "1/2-1/2"]
[WhiteElo "2455"]
[BlackElo "2445"]

1.d4 Nf6 2.c4 e6 3.Nf3 b6 4.Nc3 Bb7 5.g3 Bb4 6.Bg2 Bxc3+ 7.bxc3 d6 8.O-O Nbd7
9.Ne1 Bxg2 10.Nxg2 O-O 11.f3 d5 12.cxd5 exd5 13.Qd3 Re8 14.Bg5 c5 15.Rae1 Rc8
16.Nf4 Qc7 17.e4 cxd4 18.cxd4 dxe4 19.fxe4 Nc5 20.Qb5 a6 21.Qc4 Ncxe4 22.Qxc7 Rxc7
23.Bxf6 Nxf6 24.Nd5 Rxe1 25.Rxe1 Rc4 26.Nxb6 Rxd4 27.Rc1 h5 28.a4 Rb4 29.a5 Rb5
30.Rc8+ Kh7 31.Nc4 Ne4 32.Kg2 Rc5 33.Rxc5 Nxc5 34.Kf3 Kg6 35.Ke3 Kf5 36.Kd4 Nb7
37.Ne3+ Ke6 38.Nd5 Nxa5 39.Nf4+ Kf5 40.Nxh5 g5 41.h3 Nb3+ 42.Kd5 Kg6 43.g4 f5
44.Ng3 f4 45.Nf1 a5 46.Kc4 a4 47.Kb4 Nd4 48.Kxa4 Nf3 49.Kb4 Ng1 50.Nd2 Nxh3
51.Ne4 Ng1 52.Kc4 Nf3 53.Kd5 Nh2 54.Nf2 Nxg4 55.Nxg4 Kf5 56.Nh6+ Kg6 57.Ng4  1/2-1/2

[Event "Thessaloniki ol (Women)"]
[Site "Thessaloniki"]
[Date "1984.??.??"]
[Round "11"]
[White "Arbil, Joan"]
[Black "Roos, Celine"]
[Result "1/2-1/2"]
[WhiteElo "1865"]
[BlackElo "2025"]

1.d4 Nf6 2.c4 e6 3.Nf3 b6 4.Nc3 Bb7 5.g3 Bb4 6.Bd2 O-O 7.Bg2 Re8 8.O-O d5
9.Ne5 Nc6 10.Nxc6 Bxc6 11.Bg5 Be7 12.Qc2 h6 13.Bxf6 Bxf6 14.Rad1 Rc8 15.e3 Qd7
16.cxd5 exd5 17.Rc1 a5 18.Rfe1 Bb7 19.Ne2 c6 20.Nf4 Rb8 21.Bh3 Qd6 22.Bf5 Red8
23.Red1 Be7 24.Bh7+  1/2-1/2

[Event "Titograd"]
[Site "Titograd"]
[Date "1984.??.??"]
[Round "?"]
[White "Djuric, Stefan"]
[Black "Marjanovic, Slavoljub"]
[Result "0-1"]
[WhiteElo "2500"]
[BlackElo "2525"]

1.c4 e6 2.Nf3 Nf6 3.Nc3 b6 4.d4 Bb4 5.e3 Bb7 6.Bd3 Ne4 7.O-O Bxc3 8.bxc3 f5
9.Qc2 c5 10.Nd2 Qh4 11.f3 Ng5 12.dxc5 O-O 13.Ba3 Rf6 14.cxb6 Nc6 15.g3 Qh3
16.Rab1 Ne5 17.bxa7 Bxf3 18.Nxf3 Ngxf3+ 19.Kh1 Rh6 20.Rf2 Rxa7 21.Rb8+ Kf7
22.Rf8+ Kg6 23.e4 Qxg3 24.exf5+ Kg5 25.Qc1+ Kg4 26.Qf4+ Kxf4 27.fxe6+ Ke3  0-1

[Event "Tirnavia-B"]
[Site "Trnava"]
[Date "1984.??.??"]
[Round "7"]
[White "Priehoda, Vitezslav"]
[Black "Horvath, Gyula"]
[Result "1/2-1/2"]
[WhiteElo "2275"]
[BlackElo "2375"]

1.d4 Nf6 2.c4 e6 3.Nf3 b6 4.Nc3 Bb4 5.Qc2 Bb7 6.a3 Bxc3+ 7.Qxc3 O-O 8.e3 d6
9.b4 Nbd7 10.Bb2 Ne4 11.Qc2 f5 12.Bd3 a5 13.O-O Ng5 14.Nd2 axb4 15.axb4 Nh3+
16.Kh1 Rxa1 17.Bxa1 Qh4 18.f3 Nf2+ 19.Kg1 Nxd3 20.Qxd3 Qe7 21.Bb2 Ra8 22.Ra1 Rxa1+
23.Bxa1 Qe8 24.Qa3 Qa8 25.Qxa8+ Bxa8 26.Kf2 Kf7 27.Bb2 Nf6 28.Nb1 b5 29.cxb5 Bd5
30.Nc3 Bc4 31.h3 Bd3 32.g4 g6 33.g5 Nd5 34.Nxd5 exd5 35.b6 cxb6 36.Kg2 Ke6
37.Kg3 Kd7 38.Bc3 Kc6 39.Be1 Kb5 40.Kg2 f4 41.Kf2 Kc4 42.Bd2 b5 43.h4  1/2-1/2

[Event "Tirnavia-B"]
[Site "Trnava"]
[Date "1984.??.??"]
[Round "11"]
[White "Priehoda, Vitezslav"]
[Black "Gruen, Peter"]
[Result "0-1"]
[WhiteElo "2275"]
[BlackElo "2325"]

1.d4 Nf6 2.c4 e6 3.Nf3 b6 4.Nc3 Bb7 5.a3 d5 6.cxd5 exd5 7.Bf4 Be7 8.e3 O-O
9.Be2 c5 10.dxc5 bxc5 11.Qb3 Qb6 12.Qxb6 axb6 13.Rd1 Nbd7 14.O-O Rfd8 15.Ne5 Nxe5
16.Bxe5 Ne8 17.Rd2 f6 18.Bg3 d4 19.exd4 Rxd4 20.Rxd4 cxd4 21.Nb5 Bc5 22.b4 Be7
23.Bc4+ Kf8 24.Nxd4 Bd6 25.Re1 Be5 26.Ne6+ Ke7 27.f4 Nd6 28.Bb3 Bc3 29.Re3 Ne4
30.Be1 Rxa3 31.Bxc3 Rxb3 32.Bxf6+ Kxf6 33.Rxb3 Kxe6 34.Rd3 Bd5 35.Rd4 Kd6
36.g4 Kc6 37.h4 h5 38.g5 Ng3 39.Kf2 Nf5 40.Rd1 Nxh4 41.Re1 Nf5 42.g6 h4 43.Re5 h3  0-1

[Event "Tunja"]
[Site "Tunja"]
[Date "1984.??.??"]
[Round "9"]
[White "Vera, Reynaldo"]
[Black "Gonzalez, G."]
[Result "1-0"]
[WhiteElo "2440"]
[BlackElo "2200"]

1.d4 Nf6 2.c4 e6 3.Nf3 b6 4.Nc3 Bb7 5.a3 d5 6.cxd5 Nxd5 7.Bd2 Nd7 8.Qc2 c5
9.e4 Nxc3 10.Bxc3 cxd4 11.Nxd4 Bc5 12.Rd1 a6 13.Nf3 Qc7 14.Bd3 O-O 15.O-O h6
16.Qe2 Rfd8 17.Rc1 Qf4 18.h3 b5 19.Rfd1 Rac8 20.Rc2 Bb6 21.Rdc1 f6 22.Bd2 Rxc2
23.Bxc2 Qd6 24.Rd1 Qc6 25.Bc3 e5 26.Bb3+ Kh8 27.Bd5 Qc7 28.Nh4 Nf8 29.Bb4 Bxd5
30.exd5 Bc5 31.Qc2 Rc8 32.d6 Qa7 33.d7 Nxd7 34.Ng6+ Kg8 35.Ne7+ Bxe7 36.Qxc8+ Nf8
37.Bxe7 Qxe7 38.Qxa6 Qc5 39.Qa8 Qc2 40.Qd5+ Kh7 41.Qd3+ Qxd3 42.Rxd3 Ne6
43.b3 Kg6  1-0

[Event "URS Cup"]
[Site "URS"]
[Date "1984.??.??"]
[Round "?"]
[White "Rashkovsky, Nukhim N"]
[Black "Razuvaev, Yuri S"]
[Result "1/2-1/2"]
[WhiteElo "2470"]
[BlackElo "2500"]

1.Nf3 Nf6 2.c4 e6 3.d4 b6 4.Nc3 Bb4 5.Bg5 Bb7 6.e3 h6 7.Bh4 Bxc3+ 8.bxc3 d6
9.Bd3 Nbd7 10.O-O g5 11.Bg3 Ne4 12.Qc2 f5 13.d5 Ndc5 14.Nd4 Qf6 15.f3 Nxg3
16.hxg3 O-O 17.dxe6 Nxd3 18.Qxd3 Bc8 19.g4 Bxe6 20.f4 Qf7 21.Qc2 c5 22.Nxf5 Bxf5
23.gxf5 Qxf5 24.e4 Qg4 25.Rad1 Rxf4 26.e5 Kg7 27.exd6 Rxf1+ 28.Rxf1 Rd8 29.Qd3  1/2-1/2

[Event "URS Cup"]
[Site "URS"]
[Date "1984.??.??"]
[Round "?"]
[White "Lerner, Konstantin Z"]
[Black "Makarichev, Sergey"]
[Result "1-0"]
[WhiteElo "2485"]
[BlackElo "2495"]

1.d4 Nf6 2.Nf3 e6 3.c4 b6 4.Nc3 Bb7 5.Bg5 Be7 6.Qc2 c5 7.dxc5 bxc5 8.Rd1 h6
9.Bh4 O-O 10.e3 d6 11.Be2 Qb6 12.O-O Rd8 13.Rd2 Nbd7 14.Rfd1 a6 15.Bg3 Nf8
16.h3 Rd7 17.Ne1 Rad8 18.Bf3 Ng6 19.Bxb7 Qxb7 20.Nf3 Qb4 21.b3 Qb7 22.Bh2 Qc6
23.e4 Qc7 24.Qd3 Qb7 25.Qe3 Qc6 26.Ne1 Ne8 27.f4 Bf6 28.e5 dxe5 29.Rxd7 Rxd7
30.fxe5 Bg5 31.Qf3 Qc7 32.Rxd7 Qxd7 33.Qd3 Qe7 34.Nf3 Bf4 35.Qe4 f5 36.Qc6 Be3+
37.Kf1 Kh7 38.Qxa6 Qd7 39.Ke2 Nh4 40.Qb5 Qd8 41.Kxe3 Nxf3 42.gxf3 Qd4+ 43.Ke2 Qxc3
44.Bg3 Qc2+ 45.Kf1 f4 46.Bf2 Qb1+ 47.Kg2 Qg6+ 48.Kh2 Qc2 49.Qxc5 Qxa2 50.b4 Qe2
51.Kg2 g6 52.Qf8 Ng7 53.Qxf4 Nh5 54.Qd4 Kg7 55.h4 Qc2 56.b5 Qc1 57.Be3 Qe1
58.Qd7+ Kh8 59.Qe8+ Kh7 60.Qf7+  1-0

[Event "URS Cup"]
[Site "URS"]
[Date "1984.??.??"]
[Round "?"]
[White "Kupreichik, Viktor D"]
[Black "Makarichev, Sergey"]
[Result "0-1"]
[WhiteElo "2480"]
[BlackElo "2495"]

1.d4 Nf6 2.c4 e6 3.Nf3 b6 4.Nc3 Bb7 5.a3 d5 6.cxd5 Nxd5 7.e3 g6 8.Bb5+ c6
9.Ba4 Bg7 10.O-O Nxc3 11.bxc3 O-O 12.e4 c5 13.Bg5 Qd6 14.e5 Qc7 15.Nd2 Nc6
16.Qg4 h6 17.Be3 Ne7 18.Rac1 Nf5 19.Bc2 cxd4 20.cxd4 Nxe3 21.fxe3 Qc3 22.Qe2 Qxa3
23.Be4 Ba6 24.Qe1 Bxf1 25.Bxa8 Rxa8 26.Nxf1 Qe7 27.Qe2 Qb7 28.Qc2 b5 29.Nd2 b4
30.Qb1 Bf8 31.h4 h5 32.Ne4 Be7 33.g4 hxg4 34.h5 gxh5 35.Rf1 Qc6 36.Ng3 Qc8
37.Qa2 h4 38.d5  0-1

[Event "URS-ch U20"]
[Site "Vilnius"]
[Date "1984.??.??"]
[Round "8"]
[White "Kharitonov, Andrei Y"]
[Black "Aseev, Konstantin N"]
[Result "1-0"]
[WhiteElo "2455"]
[BlackElo "2390"]

1.d4 Nf6 2.Nf3 e6 3.c4 b6 4.Nc3 Bb4 5.Qb3 c5 6.a3 Bxc3+ 7.Qxc3 O-O 8.dxc5 bxc5
9.g3 Qe7 10.Bg2 d5 11.Qc2 Nbd7 12.O-O a5 13.Ng5 Bb7 14.Rd1 Ra7 15.Bd2 a4
16.e3 Rb8 17.Bc3 h6 18.Nf3 Ne4 19.Ne5 Ndf6 20.cxd5 Bxd5 21.Rxd5 exd5 22.Nc6 Qb7
23.Nxb8 Qxb8 24.Bxf6 Nxf6 25.Qxc5 Qxb2 26.Rd1 Rd7 27.Bf3 Rd8 28.Kg2 Qb3 29.Rd4 Rb8
30.Qa7 Rc8 31.Qxa4 Qa2 32.Rf4 Rc2 33.Bd1 Rb2 34.Qa8+ Kh7 35.Qc8 Rd2 36.Bg4 d4
37.exd4 Nxg4 38.Qxg4 Qd5+ 39.Qf3 Qxf3+ 40.Kxf3 Kg6  1-0

[Event "URS-ch U20"]
[Site "Vilnius"]
[Date "1984.??.??"]
[Round "15"]
[White "Aseev, Konstantin N"]
[Black "Sokolov, Andrei"]
[Result "1-0"]
[WhiteElo "2390"]
[BlackElo "2495"]

1.d4 Nf6 2.c4 e6 3.Nf3 b6 4.Nc3 Bb7 5.a3 d5 6.cxd5 Nxd5 7.Qc2 c5 8.e4 Nxc3
9.bxc3 Nc6 10.Bb2 Be7 11.Rd1 O-O 12.d5 Na5 13.c4 exd5 14.cxd5 Qd6 15.Be2 Qg6
16.O-O Rad8 17.Ne5 Qh6 18.Bc3 Bd6 19.Ng4 Qg6 20.Ne3 Bc8 21.Bxa5 bxa5 22.Nc4 Bc7
23.Bd3 Qf6 24.Rfe1 Bg4 25.f3 Bc8 26.e5 Qh4 27.d6 Bb6 28.g3 Qh5 29.f4 g6 30.Rb1 Be6
31.Nxb6 axb6 32.Rxb6 Qf3 33.Bc4 Rb8 34.Rxb8 Rxb8 35.Bxe6 fxe6 36.d7 Kf7 37.Qd2 Qd5
38.Qxd5 exd5 39.e6+ Ke7 40.g4 c4 41.f5 gxf5 42.gxf5 Rg8+ 43.Kf2 Rf8 44.Re5  1-0

[Event "Yerevan"]
[Site "Yerevan"]
[Date "1984.??.??"]
[Round "?"]
[White "Rashkovsky, Nukhim N"]
[Black "Eolian, Levon S"]
[Result "0-1"]
[WhiteElo "2470"]
[BlackElo "2425"]

1.d4 Nf6 2.c4 e6 3.Nf3 b6 4.Nc3 Bb4 5.Bg5 h6 6.Bh4 g5 7.Bg3 Ne4 8.Qc2 Bb7
9.e3 Bxc3+ 10.bxc3 d6 11.Bd3 f5 12.d5 Nc5 13.Nd4 Qf6 14.h4 g4 15.dxe6 Nxd3+
16.Qxd3 Bxg2 17.Rg1 Be4 18.Qd1 Nc6 19.Qa4 O-O 20.O-O-O Nxd4 21.cxd4 Qxe6
22.Rd2 a6 23.Qb3 b5 24.c5 Bd5 25.Qc2 b4 26.Qa4 Rfb8 27.Kb2 b3 28.a3 a5 29.Ra1 Rb7
30.cxd6 cxd6 31.Rc1 Kf7 32.h5 Qe7 33.Bf4 Qd8 34.Bxh6 Rc7 35.Rxc7+ Qxc7 36.Qb5 Ke6
37.Qf1 Rc8 38.Ka1 Qc3+ 39.Rb2 Rh8 40.e4  0-1

[Event "Yerevan"]
[Site "Yerevan"]
[Date "1984.??.??"]
[Round "?"]
[White "Rashkovsky, Nukhim N"]
[Black "Szekely, Peter"]
[Result "1/2-1/2"]
[WhiteElo "2470"]
[BlackElo "2430"]

1.d4 Nf6 2.c4 e6 3.Nf3 b6 4.Nc3 Bb4 5.Qb3 c5 6.a3 Bxc3+ 7.Qxc3 Bb7 8.dxc5 bxc5
9.b4 O-O 10.Bb2 cxb4 11.axb4 d6 12.e3 Qc7 13.Be2 a5 14.b5 Nbd7 15.O-O Nc5
16.Nd2 a4 17.f4 Rfd8 18.Bf3 Rac8 19.Bxb7 Qxb7  1/2-1/2